000 00835nam a22002417a 4500
999 _c63684
_d63684
005 20240530110653.0
008 171217s2015 ua g b 000 0dara d
017 _a2015/1715
_bمصر. دار الكتب
020 _a9789774279553
040 _aEG-CaGPL
_cEG-CaGPL
082 0 4 _221
_a913.2
_bق/ز أ
100 0 _aزاهى حواس
245 1 0 _a40 سنة حفائر /
_cزاهى حواس .
250 _aط.1
260 _aالقاهرة :
_bالدار المصرية اللبنانية ،
_c2015 .
300 _a271 ص. ؛
_c28 سم.
650 0 7 _2qrmak
_aالاثار الفرعونية
650 0 7 _2qrmak
_aالواحات البحرية
650 0 7 _2qrmak
_aالاهرامات
650 0 7 _2qrmak
_aالاثار المصرية القديمة
942 _2ddc
_cBK